00582nam a22001457a 4500003000400000005001700004008004100021040001400062100002800076245015300104260000900257300003000266500010600296504003400402OSt20171010095511.0120813t xxu||||| |||| 00| 0 eng d aMMSUcULS aEncarnacion, Feliza G.  aThe Quality of instruction: an administrative accountability of educational managers of the Divine Word Colleges of Region IcFeliza G. Encarnacion  c1990 axxi, 189 leaves c28 cm.  aThesis (Ed.D.-Educational Management) -- Mariano Marcos State University-Graduate School, Laoag City  aBibliography: leaves 152-159